Psicología del niño
Đã lưu trong:
| Những tác giả chính: | , |
|---|---|
| Định dạng: | Sách |
| Ngôn ngữ: | Tiếng Tây Ban Nha |
| Được phát hành: |
Madrid
Morata
1969
|
| Phiên bản: | 1a. ed |
| Loạt: | Psicología
|
| Những chủ đề: | |
| Các nhãn: |
Thêm thẻ
Không có thẻ, Là người đầu tiên thẻ bản ghi này!
|
MARC
| LEADER | 00000cam a2200000 a 4500 | ||
|---|---|---|---|
| 001 | UCI2075 | ||
| 003 | CL-VaPUC | ||
| 008 | 070803e19690000SP |||||||||||||||||spa|d | ||
| 020 | |a 8471121034 | ||
| 082 | 0 | 4 | |a 155.4 |b PIA |2 21 |
| 100 | 0 | |a Piaget, Jean |e author |9 308149 | |
| 700 | |a Inhelder, Bärbel |e author |9 585720 | ||
| 245 | 1 | 0 | |a Psicología del niño |
| 250 | |a 1a. ed | ||
| 300 | |a 172 p | ||
| 942 | |c BK | ||
| 945 | |d 20070803 00:00:00 |a rbrito | ||
| 260 | |a Madrid |b Morata |c 1969 | ||
| 650 | 0 | |a Psicología del niño |9 307305 | |
| 650 | 0 | |a Desarrollo individual |9 307875 | |
| 650 | 7 | |a PSICOMOTRICIDAD |2 CL-VaPUC |9 241072 | |
| 650 | 0 | |a Percepción |9 266750 | |
| 650 | 0 | |a Juegos infantiles |9 307365 | |
| 650 | 0 | |a Lenguaje infantil |9 314705 | |
| 583 | |a last modification |c 20130408 12:51:43 |k Rodrigo Vera | ||
| 490 | 0 | |a Psicología | |
| 999 | |c 326722 |d 326720 | ||
| 952 | |0 0 |1 0 |4 0 |6 155_400000000000000_PIA_1969 |7 0 |8 A |9 408834 |a FDOPOS |b FDOPOS |d 2019-11-22 |i 4361067 |o 155.4 PIA 1969 |p 4361067 |r 2025-01-22 |w 2019-11-22 |y BK |k MLA | ||
| 952 | |0 0 |1 0 |4 0 |6 155_400000000000000_PIA_1969 |7 0 |8 A |9 408835 |a BIBMAT |b BIBMAT |c E_DIDACT |d 2019-11-22 |i 4962052 |o 155.4 PIA 1969 |p 4962052 |r 2025-01-07 |w 2019-11-22 |y BK |k MAT | ||